000
00297nam a22001337a 4500
041
_a
ENG
100
_a
Cox .D.R
245
_a
The Theory Of Stochastic Processes
260
_a
Delhi
_b
Chapman & Hall/Crc
_c
1998
300
_a
398
650
_a
Mathes
700
_a
H.D Miller
856
_u
M.Tech
999
_c
1087
_d
1087